[Event "Stuttgart-chB op"]
[Site "Ditzingen"]
[Date "2015.05.17"]
[Round "7"]
[White "Weisensel, Wolfgang"]
[Black "Conrady, Philipp"]
[Result "1/2-1/2"]
[WhiteElo "1685"]
[BlackElo "1366"]
[PlyCount "100"]
[EventDate "2015.05.17"]
[EventType "swiss"]
[EventRounds "7"]
[EventCountry "GER"]
[SourceTitle "EXT 2018"]
[Source "ChessBase"]
[SourceDate "2017.10.13"]
[SourceVersion "1"]
[SourceVersionDate "2017.10.13"]
[SourceQuality "1"]

1. d4 Nf6 2. Nf3 g6 3. Bf4 Bg7 4. h3 d5 5. e3 0-0 6. Nbd2 Bf5 7. Nb3 Nbd7 8. Be2 Rc8 9. Rc1 c5 10. dxc5 Nxc5 11. c3 Nxb3 12. Qxb3 b6 13. 0-0 Ne4 14. Rfd1 Rc5 15. c4 dxc4 16. Rxd8 cxb3 17. Rxf8+ Kxf8 18. Rd1 Bxb2 19. axb3 Rc8 20. Bc4 Nc5 21. Be5 Bxe5 22. Nxe5 Bc2 23. Ra1 f6 24. Nf3 Rc7 25. Nd4 Bf5 26. Nb5 Rd7 27. Nxa7 Rd2 28. Nb5 Be6 29. Ra8+ Kg7 30. Bxe6 Nxe6 31. Ra7 Kf7 32. Rb7 Nc5 33. Rxb6 Nxb3 34. Nd6+ Rxd6 35. Rxb3 Rd1+ 36. Kh2 Rd2 37. f3 h5 38. Kg3 Ra2 39. Rb4 Ra7 40. f4 Rd7 41. Rb2 Kg7 42. Kf3 Kh6 43. g3 Kg7 44. h4 Kf7 45. Rb5 Ra7 46. Rb3 Ra5 47. e4 Ra7 48. Rd3 Rb7 49. Re3 e6 50. e5 f5 1/2-1/2

[Event "Stuttgart-chB op"]
[Site "Ditzingen"]
[Date "2015.05.15"]
[Round "3"]
[White "Conrady, Philipp"]
[Black "Schreiber, Winfried"]
[Result "0-1"]
[WhiteElo "1366"]
[BlackElo "1563"]
[PlyCount "56"]
[EventDate "2015.05.17"]
[EventType "swiss"]
[EventRounds "7"]
[EventCountry "GER"]
[SourceTitle "EXT 2018"]
[Source "ChessBase"]
[SourceDate "2017.10.13"]
[SourceVersion "1"]
[SourceVersionDate "2017.10.13"]
[SourceQuality "1"]

1. d4 Nf6 2. c4 e6 3. Nc3 g6 4. e4 d6 5. f3 Bg7 6. Be3 0-0 7. Bd3 Nbd7 8. Qd2 c5 9. d5 exd5 10. exd5 Ne5 11. g4 a6 12. a4 Nxd3+ 13. Qxd3 Nd7 14. f4 Qh4+ 15. Kd2 Qxg4 16. Rf1 Nb6 17. Rf2 Bf5 18. Qf1 Qh4 19. Nd1 Nxa4 20. b3 Nb6 21. Ne2 a5 22. Ng3 Qf6 23. Nxf5 Qxf5 24. Rg2 Qb1 25. Qd3 Qa2+ 26. Qc2 Qxc2+ 27. Kxc2 a4 28. Kb1 axb3 0-1